| 000 | 004750000a22001930004500 | ||
|---|---|---|---|
| 001 | 002870 | ||
| 003 | MACL | ||
| 005 | 20151119134241.0 | ||
| 008 | 151119b xxu||||| |||| 00| 0 eng d | ||
| 040 |
_aMACL _cMACL |
||
| 041 | _aEnglish | ||
| 082 | _a726/KHA | ||
| 100 |
_aKhare, Ajay _917539 |
||
| 245 |
_aTemple Architecture Of eastern India _cAjay Khare |
||
| 260 |
_aShubhi Publications, _c2005 |
||
| 350 | _a2500 | ||
| 650 |
_aArchitecture _9259 |
||
| 942 |
_k726 _cBK _2ddc |
||
| 999 |
_c14778 _d14778 |
||